Rainbow 101 Science Projects -3/ (Record no. 209683)

MARC details
000 -LEADER
fixed length control field 00564nam a22001697a 4500
005 - DATE AND TIME OF LATEST TRANSACTION
control field 20250224125434.0
010 ## - LCCN (DPL NO)
LC control number 20BACCHEN25
020 ## - INTERNATIONAL STANDARD BOOK NUMBER
International Standard Book Number 9788181534824 (Pt.3)
Terms of availability 290.00
037 ## - SOURCE OF ACQUISITION
Source of stock number/acquisition Rainbow Books
082 ## - DEWEY DECIMAL CLASSIFICATION NUMBER
Classification number 507.8
245 ## - TITLE STATEMENT
Title Rainbow 101 Science Projects -3/
Statement of responsibility, etc edited and compiled by Aakanksha
260 ## - PUBLICATION, DISTRIBUTION, ETC. (IMPRINT)
Place of publication, distribution, etc Delhi
Name of publisher, distributor, etc Rainbow Books
Date of publication, distribution, etc 2019(repr.)
270 ## - ADDRESS
Address F-32, Street No.12, Parwana Road, Jagat Puri,
City Delhi
Postal code 110051
300 ## - PHYSICAL DESCRIPTION
Extent 112p.
Dimensions 25cm(Hb)
Other physical details col.ill.
700 ## - ADDED ENTRY--PERSONAL NAME
Personal name Aakanksha
9 (RLIN) 55845
942 ## - ADDED ENTRY ELEMENTS (KOHA)
Source of classification or shelving scheme Dewey Decimal Classification
Item type Children Books
Call number suffix RAI
Classification part 507.8

No items available.


© Delhi Public Library
Hit Counter
free hit counter